[Event "Sachsen-ch U10"]
[Site "Sebnitz"]
[Date "2011.04.30"]
[Round "7"]
[White "Hummel, Jeremias"]
[Black "Scholz, Richard"]
[Result "1-0"]
[WhiteElo "1118"]
[BlackElo "1060"]
[PlyCount "85"]
[EventDate "2011.04.26"]
[EventType "swiss"]
[EventRounds "7"]
[EventCountry "GER"]
[SourceTitle "EXT 2012"]
[Source "ChessBase"]
[SourceDate "2011.11.24"]
[SourceVersion "1"]
[SourceVersionDate "2011.11.24"]
[SourceQuality "1"]

1. e4 e5 2. Nf3 Nc6 3. Bc4 Bc5 4. Nc3 Nf6 5. d3 d6 6. Bg5 h6 7. Bh4 g5 8. Bg3 Qe7 9. Qe2 a6 10. 0-0-0 0-0 11. Bd5 Nb4 12. d4 exd4 13. Nxd4 Nxa2+ 14. Bxa2 Bb4 15. Qd3 Bxc3 16. Qxc3 Nxe4 17. Qe3 Kh8 18. f3 f5 19. fxe4 f4 20. Qc3 fxg3 21. Ne6+ Rf6 22. Rdf1 Bxe6 23. Rxf6 Qg7 24. Rf8+ Rxf8 25. Qxg7+ Kxg7 26. Bxe6 gxh2 27. Bf5 c6 28. Rxh2 d5 29. g4 dxe4 30. Re2 h5 31. Rxe4 hxg4 32. Bxg4 Rf1+ 33. Kd2 Rf2+ 34. Kd3 Kf6 35. Re6+ Kg7 36. Bh5 Rf6 37. Re7+ Kh6 38. Bg4 Rf4 39. Be2 Rb4 40. Kc3 Rb6 41. Bd3 Kh5 42. Bf5 Rb5 43. Rh7# 1-0

[Event "GER-chT U12"]
[Site "Gross Doelln"]
[Date "2010.12.29"]
[Round "5.4"]
[White "Hummel, Jeremias"]
[Black "Tiedemann, Fin Niklas"]
[Result "0-1"]
[WhiteElo "1141"]
[BlackElo "1234"]
[PlyCount "94"]
[EventDate "2010.12.27"]
[EventType "team-swiss"]
[EventRounds "7"]
[EventCountry "GER"]
[SourceTitle "CBM 140 Extra"]
[Source "ChessBase"]
[SourceDate "2011.03.01"]
[SourceVersion "1"]
[SourceVersionDate "2011.03.01"]
[SourceQuality "1"]
[WhiteTeam "Leipzig Turm U12"]
[BlackTeam "Luebeck U12"]
[WhiteTeamCountry "GER"]
[BlackTeamCountry "GER"]

1. e4 e5 2. Nf3 Nc6 3. Bc4 Nf6 4. Nc3 Nxe4 5. Bxf7+ Kxf7 6. Nxe4 d5 7. Neg5+ Kg8 8. d4 e4 9. Ne5 Nxe5 10. dxe5 h6 11. Nh3 Bc5 12. Bf4 Kh7 13. Qh5 Be7 14. 0-0 Rf8 15. Be3 Bxh3 16. Qxh3 d4 17. Bd2 Qd5 18. Qh5 Qe6 19. Rfe1 Rf5 20. Qh3 Qxe5 21. f3 e3 22. Bc1 Bd6 23. g4 Rf6 24. c3 c5 25. b3 Raf8 26. Kg2 Qd5 27. c4 Qxf3+ 28. Qxf3 Rxf3 29. Bxe3 dxe3 30. Rad1 Rf2+ 31. Kg1 e2 32. Rc1 Rf1+ 33. Rxf1 Bxh2+ 34. Kg2 Rxf1 35. Rxf1 exf1Q+ 36. Kxf1 Kg6 37. Kg2 Be5 38. Kh3 Kg5 39. Kg2 Kxg4 40. Kf2 Kh3 41. Kg1 Kg3 42. Kh1 Kf2 43. a3 Bd4 44. Kh2 g5 45. Kh3 h5 46. Kh2 g4 47. Kh1 g3 0-1